000 00332nam a22001457a 4500
008 210308b ||||| |||| 00| 0 eng d
020 _a9780073294735
041 _aeng
080 _a338
082 _a338
100 _a53
101 _aMEN
245 _aOperations and Supply Management :The Core
_cJacobs,R.F
942 _2udc
_cBK
999 _c56005
_d56005